Constitución política comentada: parte dogmática

Saved in:
Bibliografiske detaljer
Hovedforfatter: Bronfman Vargas, Alan Julio (autor)
Andre forfattere: Martínez Estay, José Ignacio (autor), Núñez Poblete, Manuel Antonio (autor)
Format: Bog
Sprog:spansk
Udgivet: Santiago Legal Publishing Chile 2012
Udgivelse:1a. ed
Fag:
Tags: Tilføj Tag
Ingen Tags, Vær først til at tagge denne postø!

MARC

LEADER 00000cam a2200000 a 4500
001 UCF0069
003 CL-VaPUC
008 120427e20120000CL |||||||||||||||||spa|d
020 |a 9789563461183 
082 0 4 |a 342.83  |b BRO  |2 21 
100 |a Bronfman Vargas, Alan Julio  |e autor  |9 814208 
700 |a Martínez Estay, José Ignacio  |e autor  |9 602023 
700 |a Núñez Poblete, Manuel Antonio  |e autor  |9 820157 
245 1 0 |a Constitución política comentada: parte dogmática 
250 |a 1a. ed 
300 |a 562 p 
942 |c BK 
945 |d 20120427 00:00:00  |a cmena 
260 |a Santiago  |b Legal Publishing Chile  |c 2012 
650 0 |a Derecho constitucional   |9 222588 
650 0 |a Derechos humanos  |9 223025 
650 0 |a Crítica e interpretación   |9 255042 
650 0 |a Constitución política  |9 336925 
583 |a last modification  |c 20120904 05:16:29  |k Rodrigo Vera 
999 |c 347573  |d 347571 
952 |0 0  |1 0  |4 0  |6 342_830000000000000_BRO_2012  |7 0  |8 A  |9 448998  |a BIBDER  |b BIBDER  |d 2019-11-22  |i 4857232  |l 7  |m 1  |o 342.83 BRO 2012  |p 4857232  |r 2024-11-12  |s 2024-11-05  |w 2019-11-22  |y BK  |k DER 
952 |0 0  |1 0  |4 0  |6 342_830000000000000_BRO_2012  |7 0  |8 A  |9 448999  |a BIBDER  |b BIBDER  |d 2019-11-22  |i 4950194  |l 6  |o 342.83 BRO 2012  |p 4950194  |r 2025-03-20  |s 2025-03-20  |w 2019-11-22  |y BK  |k DER 
952 |0 0  |1 0  |4 0  |6 342_830000000000000_BRO_2012  |7 0  |8 A  |9 449000  |a BIBDER  |b BIBDER  |d 2019-11-22  |i 4950208  |l 3  |m 2  |o 342.83 BRO 2012  |p 4950208  |r 2023-01-25  |s 2022-12-15  |w 2019-11-22  |y BK  |k DER 
952 |0 0  |1 0  |3 erd  |4 0  |6 342_830000000000000_BRO_2012  |7 0  |8 A  |9 449001  |a BIBDER  |b BIBDER  |i 5031192  |l 7  |m 2  |o 342.83 BRO 2012  |p 5031192  |r 2024-07-03  |s 2024-06-17  |w 2019-11-22  |y BK  |z Catalogado en:20131129  |k DER 
952 |0 0  |1 0  |3 erd  |4 0  |6 342_830000000000000_BRO_2012  |7 0  |8 A  |9 449002  |a BIBDER  |b BIBDER  |i 5031206  |l 7  |m 4  |o 342.83 BRO 2012  |p 5031206  |r 2025-03-06  |s 2025-03-06  |w 2019-11-22  |y BK  |z Catalogado en:20131129  |k DER 
952 |0 0  |1 0  |3 erd  |4 0  |6 342_830000000000000_BRO_2012  |7 0  |8 A  |9 449003  |a BIBDER  |b BIBDER  |i 512512K  |l 1  |m 4  |o 342.83 BRO 2012  |p 512512K  |q 2025-12-31  |r 2020-02-26  |s 2020-02-26  |w 2019-11-22  |y BK  |z Catalogado en:20141113  |k DER 
952 |0 0  |1 0  |3 erd  |4 0  |6 342_830000000000000_BRO_2012  |7 0  |8 A  |9 449004  |a BIBDER  |b BIBDER  |i 5125138  |l 8  |m 2  |o 342.83 BRO 2012  |p 5125138  |r 2024-10-07  |s 2024-10-07  |w 2019-11-22  |y BK  |z Catalogado en:20141113  |k DER 
952 |0 0  |1 0  |3 erd  |4 0  |6 342_830000000000000_BRO_2012  |7 0  |8 A  |9 449005  |a BIBDER  |b BIBDER  |i 5125065  |l 2  |m 1  |o 342.83 BRO 2012  |p 5125065  |r 2025-03-10  |s 2025-03-10  |w 2019-11-22  |y BK  |z Catalogado en:20141113  |k DER